Normal view
MARC view
Entry Personal Name
001 - CONTROL NUMBER
- control field: 159147
003 - CONTROL NUMBER IDENTIFIER
- control field: OSt
005 - DATE AND TIME OF LATEST TRANSACTION
- control field: 20220923211154.0
008 - FIXED-LENGTH DATA ELEMENTS
- fixed length control field: 220923|| aca||aabn | a|a d
040 ## - CATALOGING SOURCE
- Original cataloging agency: OSt
- Transcribing agency: OSt
100 ## - HEADING--PERSONAL NAME
- Personal name: नैमिशराय, मोहनदास, संपा
670 ## - SOURCE DATA FOUND
- Source citation: Work cat.: (OSt)296337: नैमिशराय, मोहनदास, संपा., दलित उत्पीड़न की परम्परा और वर्तमान, 2008
